| 000 | 00525nam a2200145Ia 4500 | ||
|---|---|---|---|
| 008 | 100122s9999 xx 000 0 und d | ||
| 082 |
_b11551 _a823.08 |
||
| 100 | _aदेवकुळे ज ग | ||
| 245 | _aआशा परत येते आणि इतर कथा | ||
| 260 |
_bमकरंद साहित्य _c1962 |
||
| 300 | _a131 | ||
| 630 | _aआशा परत येते आणि इतर कथा | ||
| 730 | _aआशा परत येते आणि इतर कथा | ||
| 942 | _cBOOK | ||
| 999 |
_c402898 _d402895 |
||